书目信息 |
| 题名: |
认知无线电中多信道动态频谱管理方法研究
|
|
| 作者: | 赵楠 著 | |
| 分册: | ||
| 出版信息: | 北京 中国水利水电出版社 2019 |
|
| 页数: | 146页 | |
| 开本: | 24cm | |
| 丛书名: | ||
| 单 册: | ||
| 中图分类: | TN014 | |
| 科图分类: | ||
| 主题词: | 无线电技术--频谱--无线电管理--研究 | |
| 电子资源: | ||
| ISBN: | 978-7-5170-7167-9 | |
| 000 | 00881nam0 2200229 450 | |
| 001 | 2365048822 | |
| 005 | 20231224100203.76 | |
| 010 | @a978-7-5170-7167-9@dCNY49.00 | |
| 100 | @a20190403d2019 em y0chiy50 ea | |
| 101 | 0 | @achi |
| 102 | @aCN@b110000 | |
| 105 | @aak a 000yy | |
| 200 | 1 | @a认知无线电中多信道动态频谱管理方法研究@Aren zhi wu xian dian zhong duo xin dao dong tai pin pu guan li fang fa yan jiu@f赵楠著 |
| 210 | @a北京@c中国水利水电出版社@d2019 | |
| 215 | @a146页@c图@d24cm | |
| 320 | @a有书目 (第136-146页) | |
| 330 | @a本书围绕多信道动态频谱管理所涉及到的关键技术, 具体介绍了认知无线电中多载波调制技术、多信道多用户协作频谱感知技术、多信道频谱资源优化分配技术、多用户协作频谱共享激励方法等。 | |
| 606 | 0 | @a无线电技术@x频谱@x无线电管理@x研究 |
| 690 | @aTN014@v5 | |
| 701 | 0 | @a赵楠@Azhao nan@4著 |
| 801 | 0 | @aCN@b湖北三新@c20190403 |
| 905 | @aBZT@dTN014@e7 | |
| 认知无线电中多信道动态频谱管理方法研究/赵楠著.-北京:中国水利水电出版社,2019 |
| 146页:图;24cm |
| ISBN 978-7-5170-7167-9:CNY49.00 |
| 本书围绕多信道动态频谱管理所涉及到的关键技术, 具体介绍了认知无线电中多载波调制技术、多信道多用户协作频谱感知技术、多信道频谱资源优化分配技术、多用户协作频谱共享激励方法等。 |
| ● |
| 相关链接 |
|
|
|
正题名:认知无线电中多信道动态频谱管理方法研究
索取号:TN014/7
 
预约/预借
| 序号 | 登录号 | 条形码 | 馆藏地/架位号 | 状态 | 备注 |
| 1 | 2001297151 | 2001297151 | 安徽(三新转)/安徽时代(第一批)/1123/ [索取号:TN014/7] | 在馆 | |
| 2 | 2001297152 | 2001297152 | 安徽(三新转)/安徽时代(第一批)/1123/ [索取号:TN014/7] | 在馆 | |
| 3 | 2001297153 | 2001297153 | 安徽(三新转)/安徽时代(第一批)/1123/ [索取号:TN014/7] | 在馆 | |
| 4 | 2001297154 | 2001297154 | 安徽(三新转)/安徽时代(第一批)/1123/ [索取号:TN014/7] | 在馆 | |
| 5 | 2001297155 | 2001297155 | 安徽(三新转)/安徽时代(第一批)/1123/ [索取号:TN014/7] | 在馆 | |
| 6 | 2001297156 | 2001297156 | 安徽(三新转)/安徽时代(第一批)/1123/ [索取号:TN014/7] | 在馆 | |
| 7 | 2001297157 | 2001297157 | 三新/湖北三新(第三批)/1123/ [索取号:TN014/7] | 在馆 | |
| 8 | 2001297158 | 2001297158 | 三新/湖北三新(第三批)/1123/ [索取号:TN014/7] | 在馆 | |
| 9 | 2001297159 | 2001297159 | 三新/湖北三新(第三批)/1123/ [索取号:TN014/7] | 在馆 | |
| 10 | 2001297160 | 2001297160 | 三新/湖北三新(第三批)/1123/ [索取号:TN014/7] | 在馆 | |
| 11 | 2001297161 | 2001297161 | 三新/湖北三新(第三批)/1123/ [索取号:TN014/7] | 在馆 | |
| 12 | 2001297162 | 2001297162 | 三新/湖北三新(第三批)/1123/ [索取号:TN014/7] | 在馆 | |
| 13 | 2001297163 | 2001297163 | 三新/湖北三新(第三批)/1123/ [索取号:TN014/7] | 在馆 | |
| 14 | 2001297164 | 2001297164 | 三新/湖北三新(第三批)/1123/ [索取号:TN014/7] | 在馆 | |
| 15 | 2001297165 | 2001297165 | 三新/湖北三新(第三批)/1123/ [索取号:TN014/7] | 在馆 | |
| 16 | 2001297166 | 2001297166 | 三新/湖北三新(第三批)/1123/ [索取号:TN014/7] | 在馆 | |
| 17 | 2001297167 | 2001297167 | 三新/湖北三新(第三批)/1123/ [索取号:TN014/7] | 在馆 | |
| 18 | 2001297168 | 2001297168 | 三新/湖北三新(第三批)/1123/ [索取号:TN014/7] | 在馆 | |
| 19 | 2001297169 | 2001297169 | 三新/湖北三新(第三批)/1123/ [索取号:TN014/7] | 在馆 | |
| 20 | 2001297170 | 2001297170 | 三新/湖北三新(第三批)/1123/ [索取号:TN014/7] | 在馆 | |
| 21 | 2001297171 | 2001297171 | 三新/湖北三新(第三批)/1123/ [索取号:TN014/7] | 在馆 | |
| 22 | 2001297172 | 2001297172 | 三新/湖北三新(第三批)/1123/ [索取号:TN014/7] | 在馆 | |
| 23 | 2001297173 | 2001297173 | 三新/湖北三新(第三批)/1123/ [索取号:TN014/7] | 在馆 | |
| 24 | 2001297174 | 2001297174 | 三新/湖北三新(第三批)/1123/ [索取号:TN014/7] | 在馆 | |
| 25 | 2001297175 | 2001297175 | 三新/湖北三新(第三批)/1123/ [索取号:TN014/7] | 在馆 | |
| 26 | 2001297176 | 2001297176 | 三新/湖北三新(第三批)/1123/ [索取号:TN014/7] | 在馆 | |
| 27 | 2001297177 | 2001297177 | 三新/湖北三新(第三批)/1123/ [索取号:TN014/7] | 在馆 | |
| 28 | 2001297178 | 2001297178 | 三新/湖北三新(第三批)/1123/ [索取号:TN014/7] | 在馆 | |
| 29 | 2001297179 | 2001297179 | 三新/湖北三新(第三批)/1123/ [索取号:TN014/7] | 在馆 | |
| 30 | 2001297180 | 2001297180 | 三新/湖北三新(第三批)/1123/ [索取号:TN014/7] | 在馆 |